000 00783nam a22002177a 4500
999 _c19260
_d19260
003 AR-CdUCM
008 190517b ||||| |||| 00| 0 spa d
040 _aMUNICIPALIDAD PROVINCIAL DEL CUSCO
_cBIBLIOTECA MUNICIPAL DEL CUSCO
082 _a531 /
_bE27
100 _aEfron, Alexander
_939994
245 _aEl mundo de la mecánica /
260 _aMéxico :
_bBell,
_c1971.
300 _a182 páginas ;
_c22.5 cm.
505 _aContenido: Magnitudes físicas, unidades y medidas -- Las presiones en los fluidos -- Física de la atmósfera -- Vectores: magnitudes dirigidas
650 _aMecánica
_918682
650 _aFísica
_92382
700 _aLafulla, Jaime
_938216
710 _aCentro regional de ayuda técnica
_910048
942 _2ddc
_cLIBROS
945 _aacv
_d2019-05-17